|
|
|
|
| LEADER |
00000cas a2200000 a 4500 |
| 001 |
vtls001289792 |
| 003 |
SK-MaSNL |
| 005 |
20260425194323.0 |
| 008 |
160624d19uu19uuxo uu| 0 0b0slo |
| 035 |
|
|
|a SNK000241417
|
| 040 |
|
|
|a SNK
|b slo
|c SNK
|e AACR2
|
| 041 |
0 |
|
|a slo
|
| 043 |
|
|
|a e-xo---
|
| 044 |
|
|
|a xo
|c SK
|
| 072 |
|
7 |
|a 271/279
|x Kresťanské cirkvi, sekty, denominácie
|2 konspekt
|
| 072 |
|
7 |
|a 27-4
|x Praktická teológia. Morálna teológia
|2 konspekt
|
| 080 |
|
|
|a 274/279
|2 2011
|
| 080 |
|
|
|a 27-4
|2 2011
|
| 080 |
|
|
|a (437.6)
|2 2011
|
| 080 |
|
|
|a (047)
|2 2011
|
| 110 |
2 |
|
|a Evanjelická cirkev a.v.
|b Cirkevný zbor (Pukanec, Slovensko)
|9 274590
|
| 245 |
1 |
0 |
|a Zpráva o ev. a. v. sbore v Pukanci z roku P. ...
|
| 260 |
|
|
|a V Pukanci
|b Ev. a. v. sbor
|
| 300 |
|
|
|a zv.
|c 20 cm
|
| 310 |
|
|
|a Periodicita nie je známa
|
| 500 |
|
|
|a Popis podľa: R. 1944
|
| 500 |
|
|
|a Napísal: 1944, Viliam Koričánsky
|
| 500 |
|
|
|a Obsahuje príl.: Povstanie v Pukanci
|
| 500 |
|
|
|a Súčasťou názvu je označenie kalendárneho roku
|
| 650 |
0 |
7 |
|a evanjelické cirkvi
|2 SNKPH
|9 64962
|
| 650 |
0 |
7 |
|a cirkevný život
|2 SNKPH
|9 75120
|
| 650 |
0 |
7 |
|a Evangelical churches
|2 SNKPHeng
|9 268254
|
| 650 |
0 |
7 |
|a Church life
|2 SNKPHeng
|9 267761
|
| 651 |
|
7 |
|a Slovensko
|2 SNKPH
|9 14231
|
| 651 |
|
7 |
|a Slovakia
|2 SNKPHeng
|9 92630
|
| 655 |
|
7 |
|a správy
|2 SNKPH
|9 70563
|
| 655 |
|
7 |
|a Reports
|2 SNKPHeng
|9 265694
|
| 700 |
1 |
|
|a Koričánsky, Viliam
|4 aut
|9 274591
|
| 752 |
|
|
|a Slovensko
|d Pukanec
|
| 910 |
|
|
|a snk
|
| 999 |
|
|
|c 10656
|d 12586
|
| 952 |
|
|
|a SNK
|b SNK
|y PREZ
|7 0
|p 17A0325394
|o snkČSD 2241/1944
|i snkD 9/2002
|8 1
|0 0
|1 0
|4 0
|d 2002-01-09
|l 0
|r 2005-01-02 00:00:00
|w 2026-02-21
|
| 952 |
|
|
|a SNK
|b SNK
|y PREZ
|7 0
|p 17A1328357
|o snkČSD 2241/1944 D1
|i snk2018/19314
|8 5
|z S venovaním Viliama Koričánskeho
|0 0
|1 0
|4 0
|d 2018-09-24
|l 0
|r 2026-02-21 21:50:25
|w 2026-02-21
|